[Event "XX Festival A"]
[Site "Arco ITA"]
[Date "1998.10.??"]
[Round "8"]
[White "Lovati, Paolo"]
[Black "Schweiger, Georg"]
[Result "1/2-1/2"]
[WhiteElo "2050"]
[BlackElo "2220"]
[PlyCount "132"]
[EventDate "1998.10.24"]

1. c4 f5 2. g3 Nf6 3. Bg2 e6 4. Nh3 Be7 5. O-O O-O 6. d3 d6 7. Nc3 Nc6 8. Rb1
a5 9. a3 e5 10. Nd5 Nd4 11. e3 Ne6 12. b4 c6 13. Nxe7+ Qxe7 14. f4 axb4 15.
axb4 Ng4 16. Nf2 exf4 17. exf4 Nd4 18. Re1 Qf6 19. Qd2 Bd7 20. h3 Nh6 21. Bb2
Rfe8 22. Kh1 Rab8 23. Rxe8+ Rxe8 24. Re1 Rb8 25. g4 Nb3 26. Bxf6 Nxd2 27. Bc3
Nb3 28. g5 Ra8 29. gxh6 Ra2 30. Kg1 Rc2 31. Bxg7 Kf7 32. Bf3 Be6 33. Bh5+ Ke7
34. Kg2 Nc1 35. Bb2 Rxf2+ 36. Kxf2 Nxd3+ 37. Kf1 Nxb2 38. Bg6 Kf6 39. Bxh7
Bxc4+ 40. Kf2 Nd3+ 41. Ke2 Nxe1+ 42. Kxe1 Be6 43. Kd2 b5 44. h4 c5 45. Kc3
cxb4+ 46. Kxb4 Bd7 47. h5 Be8 48. Bxf5 Bxh5 49. Kxb5 Bf3 50. Kc4 d5+ 51. Kd4
Bg2 52. h7 Kg7 53. Ke5 Bf3 54. Bg6 Kh8 55. Bf7 Kxh7 56. Bxd5 Bh5 57. Kf6 Kh6
58. Bf7 Bg4 59. Be6 Bh5 60. Ke7 Bg6 61. Kf6 Bh5 62. Bf7 Bg4 63. Bg6 Bf3 64. Bf7
Bg4 65. Be6 Bh5 66. Ke5 Kg7 1/2-1/2

[Event "XX Festival A"]
[Site "Arco ITA"]
[Date "1998.10.??"]
[Round "8"]
[White "Luciani, Carlo"]
[Black "Frank, Albert"]
[Result "1-0"]
[WhiteElo "2240"]
[BlackElo "2020"]
[PlyCount "77"]
[EventDate "1998.10.24"]

1. e4 b6 2. d4 e6 3. Nf3 Bb7 4. Bd3 d6 5. c4 Nd7 6. Nc3 g6 7. Bg5 Qc8 8. Qd2
Bg7 9. h3 h6 10. Be3 Ne7 11. O-O e5 12. Nd5 Bxd5 13. cxd5 f5 14. dxe5 dxe5 15.
Qb4 f4 16. Bd2 Nc5 17. Bb5+ c6 18. dxc6 O-O 19. Qc4+ Kh7 20. b4 Ne6 21. Ba6
Qxc6 22. Qxc6 Nxc6 23. Bb7 Ncd4 24. Nxd4 exd4 25. Bxa8 Rxa8 26. Rac1 d3 27. Bc3
Bf8 28. Rfd1 Rc8 29. Rxd3 Bxb4 30. Rd7+ Kg8 31. Bb2 Rxc1+ 32. Bxc1 a5 33. Bd2
Bc5 34. Kf1 g5 35. Bc3 a4 36. Ke2 Ba3 37. Ra7 Nc5 38. g3 Bc1 39. Bd4 1-0

[Event "XX Festival A"]
[Site "Arco ITA"]
[Date "1998.10.??"]
[Round "8"]
[White "Mahn, Franko"]
[Black "Blum, Gernot"]
[Result "1-0"]
[WhiteElo "2205"]
[BlackElo "2135"]
[PlyCount "113"]
[EventDate "1998.10.24"]

1. d4 g6 2. c4 Bg7 3. Nc3 d6 4. e4 e5 5. Nge2 Ne7 6. Be3 O-O 7. d5 f5 8. f3 Nd7
9. Qd2 f4 10. Bf2 Nf6 11. O-O-O a6 12. Kb1 Bd7 13. c5 Be8 14. Nc1 Kh8 15. Be2
Nc8 16. Nb3 Rf7 17. Rc1 Bf8 18. Rc2 b6 19. cxb6 cxb6 20. g3 Nd7 21. gxf4 Bh6
22. Nc1 Bxf4 23. Qd1 Nc5 24. Nd3 Nxd3 25. Bxd3 Ne7 26. h4 Ng8 27. Ne2 Bh6 28.
Ng3 Qf6 29. Be2 Ba4 30. b3 Bb5 31. h5 Bxe2 32. Qxe2 Qxf3 33. Qxf3 Rxf3 34. hxg6
hxg6 35. Be1 Ra7 36. Rc6 Rh7 37. Rxd6 Bf4 38. Rg1 Rh2 39. Rxg6 Ne7 40. Rg4 Be3
41. Nf1 Bxg1 42. Nxh2 Bxh2 43. Rh4+ Kg8 44. Rxh2 Rf1 45. Rg2+ Kh7 46. Re2 Ng6
47. Kc2 Nf4 48. Rh2+ Kg6 49. Bc3 Kf6 50. Rh6+ Ng6 51. Bxe5+ Kg5 52. Bg7 Rf7 53.
Rh7 Kg4 54. a4 Rf2+ 55. Kd3 Rf3+ 56. Kc4 Rf7 57. Kd4 1-0

[Event "XX Festival A"]
[Site "Arco ITA"]
[Date "1998.10.??"]
[Round "8"]
[White "Pipitone, Antonio"]
[Black "Casagrande, Fabio"]
[Result "1-0"]
[WhiteElo "2035"]
[BlackElo "2050"]
[PlyCount "83"]
[EventDate "1998.10.24"]

1. e4 e6 2. d4 d5 3. e5 c5 4. c3 Nc6 5. Nf3 Nge7 6. Na3 cxd4 7. cxd4 Nf5 8. Nc2
Nb4 9. Bd2 Nxc2+ 10. Qxc2 Bd7 11. Bd3 g6 12. O-O Qb6 13. Bc3 Be7 14. Qd2 Bb5
15. Bxb5+ Qxb5 16. a4 Qd7 17. Rfc1 O-O 18. Bb4 Rfc8 19. b3 b6 20. h3 h5 21.
Bxe7 Qxe7 22. Rc3 Rxc3 23. Qxc3 Rb8 24. Rc1 Kg7 25. b4 a6 26. Kf1 Qd7 27. Qc7
Rb7 28. Qxd7 Rxd7 29. Rc6 Rb7 30. Ke2 Ne7 31. Rc3 Kf8 32. g4 hxg4 33. hxg4 Ke8
34. Ng5 Kf8 35. Nh7+ Ke8 36. Ke3 Kd8 37. Ng5 Ng8 38. Kf4 Ke7 39. Rc8 f6 40.
Rxg8 fxg5+ 41. Kxg5 Kf7 42. Rc8 1-0

[Event "XX Festival A"]
[Site "Arco ITA"]
[Date "1998.10.??"]
[Round "8"]
[White "Ricci, Marco"]
[Black "Di Lazzaro, Gabriele"]
[Result "1-0"]
[WhiteElo "2190"]
[BlackElo "2005"]
[PlyCount "63"]
[EventDate "1998.10.24"]

1. e4 g6 2. d4 Bg7 3. Nc3 c6 4. Bc4 d6 5. Qf3 e6 6. Nge2 d5 7. Bb3 dxe4 8. Nxe4
Nf6 9. Bg5 Qa5+ 10. Bd2 Qd8 11. N2g3 a5 12. Bg5 Nbd7 13. Nd6+ Kf8 14. Nge4 a4
15. Bc4 h6 16. Bh4 g5 17. Bg3 Qe7 18. O-O-O Nxe4 19. Nxe4 Kg8 20. Bd6 Qd8 21.
a3 Nb6 22. Ba2 Nd5 23. Bg3 f5 24. Nd6 f4 25. Nxc8 fxg3 26. c4 Nf6 27. Nb6 Qxb6
28. c5 Qc7 29. Bxe6+ Kf8 30. hxg3 h5 31. Rhe1 Bh6 32. Qxf6+ 1-0

[Event "XX Festival A"]
[Site "Arco ITA"]
[Date "1998.10.??"]
[Round "8"]
[White "Rossi, Carlo"]
[Black "Timoscenko, Gennadij A."]
[Result "0-1"]
[WhiteElo "2355"]
[BlackElo "2470"]
[PlyCount "58"]
[EventDate "1998.10.24"]

1. e4 e5 2. Nf3 Nc6 3. Bc4 Nf6 4. d3 Be7 5. c3 O-O 6. O-O h6 7. Re1 d6 8. Bb3
Be6 9. d4 Bg4 10. Be3 Nxe4 11. Bxh6 Ng5 12. Bxg5 Bxg5 13. d5 Nb8 14. Qd3 Bh6
15. h3 Bh5 16. Nbd2 Nd7 17. g4 Bg6 18. Qe2 Nc5 19. Bc4 e4 20. Nd4 Qh4 21. Kg2
f5 22. Nf1 fxg4 23. hxg4 Rf4 24. Ng3 Raf8 25. Ndf5 Bxf5 26. gxf5 R8xf5 27. Rf1
Rf3 28. Rad1 Bf4 29. Rg1 Bxg3 0-1

[Event "XX Festival A"]
[Site "Arco ITA"]
[Date "1998.10.??"]
[Round "8"]
[White "Rotstein, Arkadij"]
[Black "Khenkin, Igor"]
[Result "1/2-1/2"]
[WhiteElo "2515"]
[BlackElo "2600"]
[PlyCount "94"]
[EventDate "1998.10.24"]

1. Nf3 d5 2. d4 Nf6 3. c4 c6 4. e3 Bf5 5. cxd5 cxd5 6. Qb3 Qc7 7. Bb5+ Nc6 8.
Bd2 e6 9. Bb4 Bxb4+ 10. Qxb4 Qe7 11. Bxc6+ bxc6 12. Qxe7+ Kxe7 13. Nc3 Nd7 14.
Na4 Be4 15. Ke2 Bxf3+ 16. Kxf3 Nb6 17. Nc5 a5 18. b3 a4 19. Rab1 Rhb8 20. bxa4
Nd7 21. Nxd7 Kxd7 22. Rb3 Rc8 23. Rb4 c5 24. dxc5 Rxc5 25. Rhb1 Rc7 26. g4 h6
27. h4 Raa7 28. g5 hxg5 29. hxg5 Kd6 30. Rh1 Rc4 31. Rh4 Kc5 32. a3 g6 33. Rf4
Rc3 34. Rb8 Kd6 35. Rf8 Rcc7 36. Rb4 Rc3 37. Rf4 Rcc7 38. a5 Ke5 39. a6 Rxa6
40. R4xf7 Rxf7+ 41. Rxf7 Rxa3 42. Rf6 d4 43. Rxg6 dxe3 44. fxe3 Kf5 45. Rg8 e5
46. Rf8+ Kxg5 47. Ke4 Kg6 1/2-1/2

[Event "XX Festival A"]
[Site "Arco ITA"]
[Date "1998.10.??"]
[Round "8"]
[White "Schiappacasse, Marcello"]
[Black "Minerva, Enzo"]
[Result "1-0"]
[WhiteElo "2095"]
[BlackElo "2135"]
[PlyCount "69"]
[EventDate "1998.10.24"]

1. Nf3 c5 2. c4 Nf6 3. Nc3 Nc6 4. d4 cxd4 5. Nxd4 g6 6. g3 Qb6 7. Nb3 d6 8. Be3
Qb4 9. Bg2 Ne5 10. a3 Qxc4 11. Rc1 Nfg4 12. Bd4 Bg7 13. Nd5 Qa4 14. Nc7+ Kd8
15. Nxa8 h5 16. h3 Nh6 17. f4 Nf5 18. fxe5 Nxd4 19. Nxd4 Qa5+ 20. Qd2 Qxe5 21.
Qc3 Qc5 22. Qxc5 dxc5 23. Rxc5 e5 24. Nb5 b6 25. Rc7 a6 26. Nd6 Be6 27. Nxf7+
Bxf7 28. Rxf7 Bh6 29. Rhf1 Kc8 30. Nxb6+ Kd8 31. R1f6 Ke8 32. Bc6+ Kd8 33. Rd7+
Ke8 34. Rh7+ Kd8 35. Rd6# 1-0

[Event "XX Festival A"]
[Site "Arco ITA"]
[Date "1998.10.??"]
[Round "8"]
[White "Schumacher, Helmut"]
[Black "Wagman, Stuart"]
[Result "1/2-1/2"]
[WhiteElo "2185"]
[BlackElo "2170"]
[PlyCount "29"]
[EventDate "1998.10.24"]

1. d4 d5 2. Nc3 Nf6 3. Bg5 Nbd7 4. Nf3 g6 5. e3 Bg7 6. Bd3 c6 7. O-O O-O 8. Re1
Re8 9. h3 e5 10. dxe5 Nxe5 11. Nxe5 Rxe5 12. Bf4 Re8 13. Qf3 Ne4 14. Nxe4 dxe4
15. Bxe4 1/2-1/2

[Event "XX Festival A"]
[Site "Arco ITA"]
[Date "1998.10.??"]
[Round "8"]
[White "Tatai, Stefano"]
[Black "Rahls, Peter"]
[Result "0-1"]
[WhiteElo "2395"]
[BlackElo "2205"]
[PlyCount "38"]
[EventDate "1998.10.24"]

1. d4 c5 2. d5 e5 3. e4 d6 4. Nc3 a6 5. a4 Be7 6. Be2 Bg5 7. Nf3 Bxc1 8. Qxc1
Ne7 9. h4 O-O 10. h5 h6 11. Nd2 Nd7 12. g4 Nf6 13. f3 Nh7 14. Nc4 Qc7 15. Qd2
f6 16. a5 Bd7 17. Nb6 Rad8 18. Nd1 Ng5 19. Kf2 Bxg4 0-1

[Event "XX Festival A"]
[Site "Arco ITA"]
[Date "1998.10.??"]
[Round "8"]
[White "Zinani, Alessandro"]
[Black "Niedermayr, Horst"]
[Result "1/2-1/2"]
[WhiteElo "2145"]
[BlackElo "2225"]
[PlyCount "113"]
[EventDate "1998.10.24"]

1. d4 g6 2. Nf3 Bg7 3. g3 f5 4. Bg2 Nf6 5. O-O O-O 6. c4 d6 7. Nc3 Nc6 8. Qb3
h6 9. Rd1 Kh8 10. h3 g5 11. d5 Ne5 12. Nd4 b6 13. f4 gxf4 14. Bxf4 Nfd7 15. Ne6
Nc5 16. Nxd8 Nxb3 17. axb3 Rxd8 18. Nb5 Ng6 19. Nxc7 Rb8 20. Rxa7 Nxf4 21. gxf4
Bxb2 22. Nb5 Bf6 23. Nd4 Rg8 24. Nc6 Rb7 25. Rxb7 Bxb7 26. Nd4 Bc8 27. Rd3 Bd7
28. Kh2 Ra8 29. Bf3 Ra3 30. Nc6 Kg7 31. Re3 Kf8 32. Bh5 Bh4 33. Kg2 Ra2 34. Bg6
Bf6 35. Bh5 Bh4 36. Nd8 Rb2 37. Bf3 Bf6 38. Nc6 Rb1 39. Rd3 Rb2 40. Nb4 b5 41.
Nc6 bxc4 42. bxc4 Be8 43. Ra3 Bf7 44. Ra8+ Kg7 45. Ra7 Kf8 46. Rc7 Rc2 47. Nd8
Kg7 48. Nb7 Kg8 49. c5 dxc5 50. Nxc5 Rd2 51. Nd3 Kf8 52. Kf2 Bd4+ 53. Kg2 Be3
54. Kg3 Rd1 55. Rd7 Rg1+ 56. Kh2 Rd1 57. Rb7 1/2-1/2

[Event "XX Festival A"]
[Site "Arco ITA"]
[Date "1998.10.??"]
[Round "9"]
[White "Blum, Gernot"]
[Black "Ricci, Marco"]
[Result "1-0"]
[WhiteElo "2135"]
[BlackElo "2190"]
[PlyCount "87"]
[EventDate "1998.10.24"]

1. e4 e6 2. d3 d5 3. Nc3 d4 4. Nce2 e5 5. g3 Be6 6. f4 f6 7. Bg2 c5 8. Nf3 Nc6
9. O-O Bd6 10. c4 Nge7 11. a3 Qd7 12. Bd2 O-O 13. f5 Bf7 14. g4 g5 15. h4 h6
16. Kf2 Kg7 17. Rh1 Rh8 18. Rh2 Rag8 19. Qa4 Nc8 20. Rah1 Be7 21. Qd1 Nd6 22.
Ng3 a6 23. Qc1 b5 24. b3 Rb8 25. hxg5 hxg5 26. Nxg5 fxg5 27. Bxg5 Rxh2 28. Bxe7
Qxe7 29. Rxh2 Rh8 30. Rxh8 Kxh8 31. Qh6+ Kg8 32. g5 Qf8 33. Qf6 Qe7 34. Qh6 Qf8
35. Qh4 bxc4 36. bxc4 Ne8 37. Bf3 Ng7 38. g6 Qb8 39. Qh7+ Kf8 40. f6 Qb2+ 41.
Be2 Qd2 42. Qh8+ Bg8 43. Qxg7+ Ke8 44. f7+ 1-0

[Event "XX Festival A"]
[Site "Arco ITA"]
[Date "1998.10.??"]
[Round "9"]
[White "Carli, Carlo"]
[Black "Kloster, Josef"]
[Result "1/2-1/2"]
[WhiteElo "1976"]
[BlackElo "2165"]
[PlyCount "112"]
[EventDate "1998.10.24"]

1. d4 f5 2. c4 Nf6 3. Nc3 e6 4. g3 Be7 5. Bg2 d5 6. Nh3 c6 7. cxd5 exd5 8. Nf4
Na6 9. h4 Nc7 10. e3 Bd6 11. Nce2 Qe7 12. Bd2 Bd7 13. a3 Ne4 14. Bc1 O-O-O 15.
Qc2 Kb8 16. b4 g6 17. Nd3 Rde8 18. Ne5 Rhg8 19. Bb2 Ne6 20. Nf4 Nxf4 21. gxf4
h6 22. O-O-O g5 23. hxg5 hxg5 24. fxg5 Rxg5 25. f4 Rg7 26. Bxe4 dxe4 27. Rdg1
Bxe5 28. dxe5 Rxg1+ 29. Rxg1 Be6 30. Bd4 b6 31. Kb2 Kb7 32. Qf2 Qd7 33. Rc1 Re7
34. Qc2 Qd5 35. Ka1 Rc7 36. Rg1 a5 37. bxa5 Qxa5 38. Qc3 Qd5 39. Qc2 c5 40. Bc3
Rd7 41. Kb1 b5 42. Rh1 Kc6 43. Kc1 Qc4 44. Rd1 Rd3 45. Rxd3 exd3 46. Qb2 Qe4
47. Qd2 Bb3 48. Kb2 Be6 49. Kc1 Qc4 50. Qb2 Qd5 51. Kb1 Qh1+ 52. Qc1 Qg2 53.
Bd2 Qe4 54. Qc3 Qc4 55. Qxc4 Bxc4 56. Kb2 Bd5 1/2-1/2

[Event "XX Festival A"]
[Site "Arco ITA"]
[Date "1998.10.??"]
[Round "9"]
[White "Cucinella, Vincenzo"]
[Black "Pipitone, Antonio"]
[Result "1-0"]
[WhiteElo "2175"]
[BlackElo "2035"]
[PlyCount "85"]
[EventDate "1998.10.24"]

1. d4 Nf6 2. Nf3 d6 3. g3 g6 4. Bg2 Bg7 5. b3 O-O 6. Bb2 c6 7. O-O Nbd7 8. c4
Re8 9. Nc3 e5 10. e4 exd4 11. Nxd4 Nc5 12. Qc2 Ne6 13. Nxe6 Bxe6 14. Rad1 Qc7
15. Ne2 Red8 16. h3 Rac8 17. Bd4 Qa5 18. f4 Ne8 19. f5 gxf5 20. exf5 Bd7 21. f6
Bh8 22. Rf4 Qg5 23. Rdf1 d5 24. c5 Qg6 25. Qd2 Be6 26. Rh4 h5 27. Nf4 Qxg3 28.
Nxe6 Qxh4 29. Rf4 Qg3 30. Rf5 fxe6 31. Rg5+ Qxg5 32. Qxg5+ Kf8 33. Qh6+ Kg8 34.
f7+ Kxf7 35. Qxh5+ Ke7 36. Qxh8 Rd7 37. h4 b6 38. b4 bxc5 39. bxc5 Kd8 40. h5
Kc7 41. h6 Kb7 42. h7 Re7 43. Qg8 1-0

[Event "XX Festival A"]
[Site "Arco ITA"]
[Date "1998.10.??"]
[Round "9"]
[White "Di Lazzaro, Gabriele"]
[Black "Dalponte, Dino"]
[Result "1/2-1/2"]
[WhiteElo "2005"]
[BlackElo "2180"]
[PlyCount "41"]
[EventDate "1998.10.24"]

1. Nf3 d5 2. g3 c6 3. Bg2 Nf6 4. O-O Bg4 5. d4 Nbd7 6. Nbd2 e6 7. Re1 Bd6 8. e4
dxe4 9. Nxe4 Nxe4 10. Rxe4 Nf6 11. Re1 h6 12. c3 Qc7 13. Qb3 Bxf3 14. Bxf3 O-O
15. a4 Rab8 16. c4 Qa5 17. Be3 Qf5 18. Bg2 Ng4 19. Rad1 Rfe8 20. Qd3 Qxd3 21.
Rxd3 1/2-1/2

[Event "XX Festival A"]
[Site "Arco ITA"]
[Date "1998.10.??"]
[Round "9"]
[White "Godena, Michele"]
[Black "Naumkin, Igor"]
[Result "1-0"]
[WhiteElo "2510"]
[BlackElo "2475"]
[PlyCount "97"]
[EventDate "1998.10.24"]

1. e4 e6 2. d4 d5 3. Nd2 c5 4. Ngf3 cxd4 5. Nxd4 Nc6 6. Bb5 Bd7 7. Nxc6 bxc6 8.
Bd3 Ne7 9. Nf3 Ng6 10. O-O Be7 11. Re1 O-O 12. c4 dxe4 13. Bxe4 f5 14. Bc2 Bf6
15. Qd6 Rf7 16. c5 Be7 17. Qd4 Bf6 18. Qd6 Be7 19. Qd4 Bf6 20. Qa4 h6 21. Bb3
Re7 22. Bf4 Bxb2 23. Rad1 Qe8 24. Bd6 Rf7 25. h4 Kh8 26. h5 Nf8 27. Be5 Bxe5
28. Nxe5 Re7 29. Qh4 Rb8 30. Rd6 Rb5 31. Qd4 Rb7 32. Qd1 Rb5 33. Qd4 Rb7 34.
Qd1 Rb5 35. Nxd7 Rxd7 36. Bxe6 Rxd6 37. cxd6 Qd8 38. Bc4 Rb7 39. Qd3 Qf6 40.
Re8 Rd7 41. Be6 Qxe6 42. Rxe6 Nxe6 43. Kh2 Rf7 44. Qb3 Nd8 45. Qb8 Rf8 46. Qxa7
Kg8 47. a4 Nf7 48. Qc7 Rd8 49. a5 1-0

[Event "XX Festival A"]
[Site "Arco ITA"]
[Date "1998.10.??"]
[Round "9"]
[White "Lantini, Marco"]
[Black "Rossi, Carlo"]
[Result "0-1"]
[WhiteElo "2145"]
[BlackElo "2355"]
[PlyCount "50"]
[EventDate "1998.10.24"]

1. e4 Nc6 2. d4 d5 3. Nc3 Nf6 4. e5 Ng8 5. Be2 Bf5 6. g4 Bg6 7. e6 fxe6 8. g5
e5 9. dxe5 d4 10. Bb5 dxc3 11. Qf3 Qd7 12. Ne2 e6 13. bxc3 a6 14. Ba4 Qd5 15.
Qxd5 exd5 16. f4 Bc5 17. Nd4 Bxd4 18. cxd4 b5 19. Bb3 Be4 20. O-O Nxd4 21. Ba3
Ne2+ 22. Kf2 Nxf4 23. Kg3 Ne2+ 24. Kf2 Nd4 25. e6 Ne7 0-1

[Event "XX Festival A"]
[Site "Arco ITA"]
[Date "1998.10.??"]
[Round "9"]
[White "Lanzani, Mario"]
[Black "Mahn, Franko"]
[Result "1-0"]
[WhiteElo "2395"]
[BlackElo "2205"]
[PlyCount "51"]
[EventDate "1998.10.24"]

1. e4 e5 2. f4 d5 3. exd5 c6 4. Nc3 cxd5 5. fxe5 d4 6. Ne4 Qd5 7. Qe2 Nc6 8.
Nf3 Bg4 9. c4 Qa5 10. Kf2 O-O-O 11. d3 Nxe5 12. Bf4 f6 13. h3 Bxf3 14. gxf3 g6
15. Nxf6 Nxd3+ 16. Qxd3 Nxf6 17. h4 Bg7 18. Bh3+ Nd7 19. c5 Rhf8 20. Bd6 Rfe8
21. Rhe1 Re3 22. Rxe3 dxe3+ 23. Qxe3 Qb4 24. Rd1 Qxh4+ 25. Kg2 Bf6 26. c6 1-0

[Event "XX Festival A"]
[Site "Arco ITA"]
[Date "1998.10.??"]
[Round "9"]
[White "Luciani, Carlo"]
[Black "Rotstein, Arkadij"]
[Result "0-1"]
[WhiteElo "2240"]
[BlackElo "2515"]
[PlyCount "92"]
[EventDate "1998.10.24"]

1. e4 c5 2. Nf3 Nc6 3. d4 cxd4 4. Nxd4 Qc7 5. Nc3 e6 6. g3 a6 7. Bg2 Nf6 8. O-O
d6 9. Nb3 Be7 10. f4 O-O 11. Be3 b5 12. a3 Bb7 13. g4 Rfe8 14. Qe2 d5 15. e5
Nd7 16. Qf2 Rab8 17. Ne2 a5 18. Ned4 Nxd4 19. Nxd4 b4 20. axb4 axb4 21. f5 Nxe5
22. fxe6 f6 23. h3 Rbc8 24. Rad1 Bc5 25. b3 Qb6 26. Rd2 Rxe6 27. Re1 Ree8 28.
Nf5 Bxe3 29. Rxe3 Qc5 30. Rg3 Nf7 31. Rgd3 Re1+ 32. Kh2 Qxf2 33. Rxf2 g6 34.
Ng3 Rc1 35. Rxf6 R1xc2 36. Rb6 Ba8 37. Kg1 R2c3 38. Bf1 Ne5 39. Rxc3 bxc3 40.
Ne2 c2 41. Nc1 d4 42. Rd6 Be4 43. Bc4+ Kg7 44. Kf1 d3 45. Kf2 Rf8+ 46. Ke3 Rf1
0-1

[Event "XX Festival A"]
[Site "Arco ITA"]
[Date "1998.10.??"]
[Round "9"]
[White "Minerva, Enzo"]
[Black "Crea, Vincenzo"]
[Result "1/2-1/2"]
[WhiteElo "2135"]
[BlackElo "2115"]
[PlyCount "27"]
[EventDate "1998.10.24"]

1. e4 e6 2. d3 d5 3. Nd2 Nf6 4. g3 c5 5. Bg2 Nc6 6. Ngf3 Be7 7. O-O O-O 8. Re1
b5 9. e5 Nd7 10. h4 a5 11. Nf1 b4 12. Bf4 Ba6 13. N1h2 a4 14. h5 1/2-1/2

[Event "XX Festival A"]
[Site "Arco ITA"]
[Date "1998.10.??"]
[Round "9"]
[White "Niedermayr, Horst"]
[Black "Lovati, Paolo"]
[Result "1-0"]
[WhiteElo "2225"]
[BlackElo "2050"]
[PlyCount "105"]
[EventDate "1998.10.24"]

1. e4 e6 2. d4 d5 3. e5 b6 4. Bb5+ c6 5. Bd3 Ba6 6. Nf3 Ne7 7. Bg5 Qc8 8. O-O
Bxd3 9. Qxd3 Qa6 10. Qd2 h6 11. Bxe7 Bxe7 12. Nc3 c5 13. Ne2 Nc6 14. c3 O-O 15.
Rfe1 Rac8 16. h4 cxd4 17. Nexd4 Na5 18. h5 Nb7 19. Qf4 Qd3 20. Rad1 Qh7 21. Qg4
Nd8 22. g3 Kh8 23. Kg2 Bc5 24. Ne2 b5 25. Nf4 Nc6 26. Nh4 Ne7 27. Re2 Bb6 28.
Nhg6+ fxg6 29. Qxe6 g5 30. Ng6+ Nxg6 31. hxg6 Qg8 32. Qxg8+ Kxg8 33. Rxd5 Rc5
34. Rd7 g4 35. e6 Re8 36. Rd6 Rc7 37. Re4 Rc5 38. e7 Rf5 39. Rd2 h5 40. Re6 Rf6
41. Rde2 Rxe6 42. Rxe6 Bc5 43. Re5 Bxe7 44. Rxb5 Rf8 45. Rxh5 Bd8 46. c4 Bf6
47. f3 gxf3+ 48. Kxf3 Bxb2+ 49. Ke4 Rd8 50. Rb5 Bd4 51. c5 Kf8 52. c6 Bf2 53.
Rf5+ 1-0

[Event "XX Festival A"]
[Site "Arco ITA"]
[Date "1998.10.??"]
[Round "9"]
[White "Prelati, Maurizio"]
[Black "Tatai, Stefano"]
[Result "0-1"]
[WhiteElo "2140"]
[BlackElo "2395"]
[PlyCount "66"]
[EventDate "1998.10.24"]

1. e4 c5 2. d4 cxd4 3. c3 d3 4. Bxd3 g6 5. c4 Bg7 6. Nf3 d6 7. h3 Nd7 8. O-O
Nc5 9. Nc3 Bxc3 10. bxc3 Nf6 11. Bh6 Nfd7 12. Bc2 Nb6 13. Qe2 Be6 14. Bb3 f6
15. Nd4 Bf7 16. f4 Ncd7 17. e5 dxe5 18. fxe5 Nxe5 19. c5 Nbd7 20. Rad1 Qc7 21.
Ba4 Qxc5 22. Kh1 O-O-O 23. Be3 Qc4 24. Qc2 Qxa2 25. Qxa2 Bxa2 26. Nb5 a6 27.
Na7+ Kb8 28. Ra1 Bc4 29. Rfb1 b5 30. Bxb5 axb5 31. Nxb5 Bxb5 32. Rxb5+ Kc7 33.
Ra7+ Kc6 0-1

[Event "XX Festival A"]
[Site "Arco ITA"]
[Date "1998.10.??"]
[Round "9"]
[White "Rahls, Peter"]
[Black "Ortega, Lexy"]
[Result "1/2-1/2"]
[WhiteElo "2205"]
[BlackElo "2490"]
[PlyCount "120"]
[EventDate "1998.10.24"]

1. e4 c5 2. Nf3 d6 3. c3 Nf6 4. d3 g6 5. g3 Bg7 6. Bg2 O-O 7. O-O Nc6 8. Re1
Bg4 9. h3 Bxf3 10. Bxf3 Nd7 11. Bg2 Rb8 12. Nd2 b5 13. Nf1 b4 14. Qc2 bxc3 15.
bxc3 Qa5 16. Bd2 Qa3 17. Rab1 Nb6 18. f4 Rfc8 19. Ne3 e6 20. Rb3 Qa6 21. Bf1 d5
22. exd5 Nd4 23. cxd4 cxd4 24. Qb1 dxe3 25. Bxe3 exd5 26. Bf2 Qa4 27. Rb4 Qd7
28. Rb5 d4 29. a4 Qc7 30. Qa2 Bf6 31. Reb1 Qd6 32. Bg2 a6 33. Ra5 Nd7 34. Rd5
Rxb1+ 35. Qxb1 Qc7 36. Kh2 Nc5 37. Qc2 h5 38. h4 Ne6 39. Qxc7 Rxc7 40. f5 gxf5
41. Rxf5 Kg7 42. Rxh5 Rc2 43. Bg1 Nc5 44. Kh3 Nxd3 45. Be4 Rc3 46. Bxd3 Rxd3
47. Rd5 Kf8 48. h5 Rd1 49. Kg2 Kg7 50. g4 d3 51. g5 Bc3 52. Be3 d2 53. Kf2 Rh1
54. h6+ Kg6 55. Bxd2 Bxd2 56. Rxd2 Kxg5 57. Rd7 Rxh6 58. Rxf7 Rh4 59. Ke3 Rxa4
60. Kd3 Kg6 1/2-1/2

[Event "XX Festival A"]
[Site "Arco ITA"]
[Date "1998.10.??"]
[Round "9"]
[White "Ricci, Alfredo"]
[Black "Wagman, Stuart"]
[Result "0-1"]
[WhiteElo "1962"]
[BlackElo "2170"]
[PlyCount "56"]
[EventDate "1998.10.24"]

1. e4 c5 2. Nf3 g6 3. Bc4 Nc6 4. O-O Bg7 5. c3 e6 6. d4 d5 7. exd5 exd5 8. Re1+
Nge7 9. Bf1 cxd4 10. Nxd4 Nxd4 11. cxd4 O-O 12. Na3 Nc6 13. Be3 Qb6 14. Qd2 Be6
15. Red1 Rfc8 16. Be2 a6 17. g4 Qb4 18. Nc2 Qxd2 19. Rxd2 Na5 20. b3 Nc6 21.
Ne1 Rf8 22. Ng2 Rad8 23. Rc1 Rfe8 24. Bxa6 Nxd4 25. Bxd4 bxa6 26. Rc6 Rc8 27.
Rxc8 Rxc8 28. Bxg7 Rc1+ 0-1

[Event "XX Festival A"]
[Site "Arco ITA"]
[Date "1998.10.??"]
[Round "9"]
[White "Ruzzier, Dario"]
[Black "Schiappacasse, Marcello"]
[Result "1-0"]
[WhiteElo "2090"]
[BlackElo "2095"]
[PlyCount "93"]
[EventDate "1998.10.24"]

1. d4 d5 2. c4 e6 3. Nc3 Nf6 4. Bg5 Be7 5. e3 O-O 6. Nf3 h6 7. Bh4 b6 8. cxd5
exd5 9. Qa4 Bb7 10. Bd3 Ne4 11. Bxe7 Qxe7 12. Rc1 Rc8 13. Ne5 c5 14. Qa3 Qe6
15. O-O Nc6 16. Nxe4 Nxe5 17. Nxc5 bxc5 18. dxe5 c4 19. Be2 Qxe5 20. Rfd1 Rc6
21. Rd4 Ra6 22. Qc3 Re8 23. a3 Rb6 24. Rc2 Rb3 25. Qd2 f5 26. Rcxc4 Rxe3 27.
fxe3 dxc4 28. Bxc4+ Kh7 29. Bd5 Bxd5 30. Rxd5 Qxe3+ 31. Qxe3 Rxe3 32. Rxf5 Rb3
33. Rf2 h5 34. Kf1 Kh6 35. Ke1 g6 36. Kd1 a5 37. Kc2 Rb5 38. Kc3 Kg5 39. b4
axb4+ 40. axb4 h4 41. Kc4 Re5 42. b5 Re4+ 43. Kc5 Re1 44. b6 Rc1+ 45. Kd6 Rb1
46. Kc7 Rc1+ 47. Kb8 1-0

[Event "XX Festival A"]
[Site "Arco ITA"]
[Date "1998.10.??"]
[Round "9"]
[White "Schweiger, Georg"]
[Black "Zinani, Alessandro"]
[Result "0-1"]
[WhiteElo "2220"]
[BlackElo "2145"]
[PlyCount "66"]
[EventDate "1998.10.24"]

1. e4 c6 2. c4 d5 3. cxd5 cxd5 4. exd5 Nf6 5. Qa4+ Nbd7 6. Nc3 g6 7. Nf3 Bg7 8.
Bc4 O-O 9. O-O Nb6 10. Qb3 Nxc4 11. Qxc4 a6 12. a4 b6 13. Re1 Bb7 14. Qh4 Re8
15. Ng5 h6 16. Nh3 Nxd5 17. d4 e5 18. Qxd8 Raxd8 19. dxe5 Nb4 20. Be3 Nc2 21.
Bxb6 Rb8 22. f4 Nxa1 23. Rxa1 Bxg2 24. Kxg2 Rxb6 25. Rb1 Rc8 26. a5 Rb3 27. Nd1
Rc2+ 28. Nhf2 Bf8 29. Kf1 Bc5 30. Ne4 Rf3+ 31. Ke1 Bb4+ 32. Ndc3 Rxh2 33. Nd2
Re3+ 0-1

[Event "XX Festival A"]
[Site "Arco ITA"]
[Date "1998.10.??"]
[Round "9"]
[White "Slobodjan, Roman"]
[Black "Garbisu De Goni, Unai"]
[Result "1-0"]
[WhiteElo "2575"]
[BlackElo "2395"]
[PlyCount "148"]
[EventDate "1998.10.24"]

1. e4 e5 2. Nf3 Nc6 3. Nc3 Nf6 4. g3 Bc5 5. Bg2 d6 6. d3 a6 7. O-O O-O 8. h3
Be6 9. Kh2 h6 10. Be3 Bxe3 11. fxe3 d5 12. exd5 Nxd5 13. Qe1 Rb8 14. Rd1 Qd6
15. Ne4 Qb4 16. c4 Qxe1 17. Rfxe1 Nde7 18. Nc5 Bc8 19. d4 b6 20. Nd3 e4 21.
Nfe5 Nxe5 22. Nxe5 f6 23. Ng4 b5 24. cxb5 axb5 25. Rc1 c6 26. a3 b4 27. a4 Ra8
28. b3 Be6 29. Rb1 Ra5 30. Nf2 f5 31. Rec1 Rc8 32. g4 g6 33. gxf5 gxf5 34. Bf1
c5 35. Bc4 Bxc4 36. Rxc4 cxd4 37. Rxd4 Rc2 38. Rg1+ Kf7 39. Rg2 Nd5 40. Nd1
Rxg2+ 41. Kxg2 Rc5 42. Rc4 Rc7 43. Rxc7+ Nxc7 44. Nb2 Na6 45. Nc4 Ke6 46. Kg3
Nc5 47. a5 Kd5 48. Kf4 Nxb3 49. a6 Kc6 50. Kxf5 Nc5 51. Na5+ Kb6 52. a7 Kxa7
53. Nc6+ Kb7 54. Nxb4 Kc7 55. Nd5+ Kd6 56. Nf6 Nd3 57. Ng4 h5 58. Nf6 Ke7 59.
Nxh5 Nf2 60. h4 Kf7 61. Ng3 Kg7 62. Nxe4 Nd1 63. Kf4 Kg6 64. Ng3 Nf2 65. Kf3
Nd3 66. Ke4 Ne1 67. Kd5 Ng2 68. h5+ Kf6 69. Kd4 Ne1 70. e4 Nc2+ 71. Kd3 Nb4+
72. Kc4 Nc6 73. Kd5 Ne5 74. Kd4 Nf7 1-0

[Event "XX Festival A"]
[Site "Arco ITA"]
[Date "1998.10.??"]
[Round "9"]
[White "Tiviakov, Sergei"]
[Black "Khenkin, Igor"]
[Result "1/2-1/2"]
[WhiteElo "2655"]
[BlackElo "2600"]
[PlyCount "34"]
[EventDate "1998.10.24"]

1. e4 c6 2. d4 d5 3. Nd2 dxe4 4. Nxe4 Bf5 5. Ng3 Bg6 6. h4 h6 7. Nf3 Nf6 8. h5
Bh7 9. Bd3 Bxd3 10. Qxd3 e6 11. Bf4 Bd6 12. Bxd6 Qxd6 13. O-O-O Nbd7 14. Kb1
O-O 15. Ne4 Nxe4 16. Qxe4 Nf6 17. Qe2 Rfd8 1/2-1/2